Questionário estadual - Alabama - Statistics

Estatísticas Gerais
  • Esse quiz foi jogado 5 vezes
  • A pontuação média é 5 de 21
Estatísticas das Respostas
Dica Resposta % Correto
Estado fronteiriço Flórida
80%
Estado fronteiriço Geórgia
80%
Estado fronteiriço Mississippi
60%
Capital Montgomery
60%
Estado fronteiriço Tennessee
60%
Maior cidade Birmingham
40%
Banda da música “Sweet Home Alabama” Lynyrd Skynyrd
40%
Cidade portuária do Golfo do México Mobile
40%
Antes da Guerra Civil, era a maior safra do Alabama Algodão
0%
Universidade que é a maior rival das anteriores Auburn
0%
Maior denominação protestante Batista do Sul
0%
Região religiosa que o Alabama faz parte {Bible} Belt
0%
Tipo de chá mais popular Chá doce
0%
Nome das equipes esportivas da University of Alabama Crimson Tide
0%
Personagem fictício com um QI de 75 e um coração de ouro Forrest Gump
0%
Governador que queria “segreagação para sempre” George Wallace
0%
Cidade onde os foguetes da NASA foram desenvolvidos Huntsville
0%
Erva invasora que “comeu” o Sul Kudzu
0%
Você assiste esse esporte em Talladega NASCAR
0%
Um martelo amarelo é um tipo de um... Pássaro
0%
Faculdade negra formada por aviadores Tuskegee
0%
Nenhum quiz correspondente encontrado
Distribuição das Pontuações
Porcentagem de Pessoas com Cada Pontuação
Percentil de Números Respondidos
Sua Pontuação Histórica
Você não jogou esse quiz